[Event "Nikaia op 10th"]
[Site "Nikaia"]
[Date "2002.08.22"]
[Round "4"]
[White "Sperdokli, Elli"]
[Black "Trajkovic, Predrag"]
[Result "1/2-1/2"]
[WhiteElo "2119"]
[BlackElo "2351"]
[PlyCount "86"]
[EventDate "2002.08.19"]
[EventType "swiss"]
[EventRounds "9"]
[EventCountry "GRE"]
[SourceTitle "CBM 089 Extra"]
[Source "ChessBase"]
[SourceDate "2002.09.10"]
[SourceVersion "2"]
[SourceVersionDate "2002.09.10"]
[SourceQuality "1"]

1. e4 c5 2. Nf3 e6 3. b3 a6 4. Bb2 Nc6 5. g3 d6 6. d4 cxd4 7. Nxd4 Bd7 8. Bg2 Nf6 9. 0-0 Be7 10. c4 0-0 11. Nc3 Rb8 12. Re1 Nxd4 13. Qxd4 b5 14. Rad1 Qc7 15. cxb5 axb5 16. Rc1 Qb6 17. Qxb6 Rxb6 18. b4 d5 19. a3 dxe4 20. Nxe4 Nxe4 21. Bxe4 f5 22. Rc7 Rd6 23. Be5 Rd2 24. Bc6 Bxc6 25. Rxc6 Kf7 26. Bf4 Ra2 27. Rcxe6 Bf6 28. Ra6 Bd4 29. Be3 Re8 30. h4 Bxe3 31. Rxe3 Rxe3 32. fxe3 Re2 33. Ra5 Rxe3 34. Kf2 f4 35. gxf4 Rb3 36. h5 Rh3 37. Rxb5 Rxa3 38. h6 gxh6 39. Rb6 Rb3 40. b5 h5 41. Rb7+ Ke6 42. b6 h4 43. Rxh7 Kf5 1/2-1/2

[Event "Korinthos op 6th"]
[Site "Korinthos"]
[Date "2002.07.31"]
[Round "9"]
[White "Sperdokli, Elli"]
[Black "Zozulia, Anna"]
[Result "0-1"]
[WhiteElo "2119"]
[BlackElo "2309"]
[PlyCount "50"]
[EventDate "2002.07.23"]
[EventType "swiss"]
[EventRounds "9"]
[EventCountry "GRE"]
[SourceTitle "CBM 089 Extra"]
[Source "ChessBase"]
[SourceDate "2002.09.10"]
[SourceVersion "2"]
[SourceVersionDate "2002.09.10"]
[SourceQuality "1"]

1. e4 c5 2. Nf3 Nc6 3. Bb5 d6 4. c3 Nf6 5. Qe2 Bd7 6. 0-0 a6 7. Ba4 b5 8. Bc2 e5 9. Re1 Be7 10. d4 cxd4 11. cxd4 Bg4 12. dxe5 Nxe5 13. Bf4 Nh5 14. Bg3 0-0 15. Nbd2 Nxg3 16. hxg3 Rc8 17. Bb3 Bg5 18. Qf1 Bxd2 19. Nxd2 Qa5 20. Nb1 Nd3 21. Re3 Nxb2 22. f3 Qb6 23. Kf2 Be6 24. Qe2 Bxb3 25. axb3 Qd4 0-1

[Event "Korinthos op 6th"]
[Site "Korinthos"]
[Date "2002.07.26"]
[Round "4"]
[White "Vasilevich, Tatjana"]
[Black "Sperdokli, Elli"]
[Result "1-0"]
[WhiteElo "2425"]
[BlackElo "2119"]
[PlyCount "77"]
[EventDate "2002.07.23"]
[EventType "swiss"]
[EventRounds "9"]
[EventCountry "GRE"]
[SourceTitle "CBM 089 Extra"]
[Source "ChessBase"]
[SourceDate "2002.09.10"]
[SourceVersion "2"]
[SourceVersionDate "2002.09.10"]
[SourceQuality "1"]

1. d4 Nf6 2. c4 c5 3. d5 e6 4. Nc3 exd5 5. cxd5 d6 6. e4 g6 7. f3 Bg7 8. Be3 0-0 9. Qd2 a6 10. a4 Re8 11. Nge2 Nbd7 12. Nc1 Ne5 13. Be2 h5 14. 0-0 Nh7 15. Rb1 f5 16. b4 fxe4 17. Nxe4 c4 18. Na2 Bf5 19. Nac3 Rc8 20. Rbc1 Qe7 21. Rfe1 Qd7 22. a5 Nf6 23. Nf2 Qf7 24. h3 Kh7 25. g4 hxg4 26. hxg4 Bd3 27. f4 Ned7 28. Bxd3 cxd3 29. Qxd3 Rxc3 30. Qxc3 Nxd5 31. Qb3 N7f6 32. Bd2 Rf8 33. Nh3 Qd7 34. Ng5+ Kg8 35. Ne6 Re8 36. g5 Rxe6 37. gxf6 Rxe1+ 38. Bxe1 Qg4+ 39. Bg3 1-0